1994 FIFA World Cup Results - Statistics

General Stats
  • This quiz has been taken 4,970 times
    4,935 since last reset
  • The average score is 19 of 24
Answers on the Map
Answers color-coded by a green-red scale on the quiz's map according to % correct below.
 
Answer Stats
Nation % Correct
Brazil
99%
Italy
96%
Argentina
95%
United States
95%
Germany
92%
Spain
90%
Mexico
89%
Sweden
87%
Colombia
85%
Netherlands
83%
Russia
82%
South Korea
80%
Belgium
79%
Bulgaria
78%
Nigeria
76%
Cameroon
74%
Romania
74%
Ireland
69%
Switzerland
68%
Norway
67%
Saudi Arabia
66%
Greece
63%
Morocco
60%
Bolivia
52%
No matching quizzes found
Score Distribution
Percent of People with Each Score
Percentile by Number Answered
Your Score History
You have not taken this quiz since the last reset